000 00601nam a2200193Ia 4500
005 20250326144810.0
008 250326s9999 xx 000 0 und d
020 _a81-297-0806-X
037 _aTextbook
040 _aFMSL
_beng
_cFMSL
041 _aeng
_2eng
084 _aX.41 P5
_qFMSL
100 _aShenkar Oded
245 0 _aChinese century : Rising Chinese economy and its impact on he global economy, the balance of power and your job
_cShenkar Oded
260 _aIndia
_bIndia, Wharton School
_c2005
300 _axiv,191
942 _cTB
_hX.41 P5
999 _c1305106
_d1305106